Chuẩn bị kiến thức trả lời câu hỏi và bài tập trắc nghiệm vật lý 11: Ban khoa học tự nhiên
v.v...
Đã lưu trong:
| Tác giả chính: | |
|---|---|
| Định dạng: | Sách |
| Năm xuất bản: |
H.
Đại học quốc gia
2007
|
| Chủ đề: | |
| Tags: |
Thêm thẻ
Không có thẻ, Hãy là người đầu tiên gắn thẻ bản ghi này!
|
| LEADER | 01354nam a2200229 4500 | ||
|---|---|---|---|
| 082 | |a 530.076 |b L250Gi | ||
| 100 | |a Lê Gia Thuận | ||
| 245 | |a Chuẩn bị kiến thức trả lời câu hỏi và bài tập trắc nghiệm vật lý 11: |c Lê Gia Thuận |b Ban khoa học tự nhiên | ||
| 260 | |a H. |b Đại học quốc gia |c 2007 | ||
| 300 | |a 191 tr. |c 24 cm | ||
| 520 | |a v.v... | ||
| 653 | |a Vật lý | ||
| 653 | |a Lớp 11 | ||
| 653 | |a Câu hỏi | ||
| 653 | |a Bài tập | ||
| 942 | |2 ddc |c STK0 | ||
| 999 | |c 6744 |d 6744 | ||
| 952 | |0 0 |1 0 |2 ddc |4 0 |6 530_076000000000000_L250GI |7 0 |8 500 |9 63468 |a qbu |b qbu |c D3 |d 2015-01-22 |g 22500 |o 530.076 L250Gi |p 6987.c1 |r 0000-00-00 |w 2015-01-22 |y STK0 | ||
| 952 | |0 0 |1 0 |2 ddc |4 0 |6 530_076000000000000_L250GI |7 0 |8 500 |9 63469 |a qbu |b qbu |c D3 |d 2015-01-22 |g 22500 |l 1 |o 530.076 L250Gi |p 6987.c2 |r 2016-10-27 |s 2016-10-20 |w 2015-01-22 |y STK0 | ||
| 952 | |0 0 |1 0 |2 ddc |4 0 |6 530_076000000000000_L250GI |7 0 |8 500 |9 63470 |a qbu |b qbu |c D3 |d 2015-01-22 |g 22500 |o 530.076 L250Gi |p 6987.c3 |r 0000-00-00 |w 2015-01-22 |y STK0 | ||
| 952 | |0 0 |1 0 |2 ddc |4 0 |6 530_076000000000000_L250GI |7 0 |8 500 |9 63471 |a qbu |b qbu |c D3 |d 2015-01-22 |g 22500 |l 1 |o 530.076 L250Gi |p 6987.c4 |r 2016-10-27 |s 2016-10-20 |w 2015-01-22 |y STK0 | ||
| 952 | |0 0 |1 0 |2 ddc |4 0 |6 530_076000000000000_L250GI |7 0 |8 500 |9 63472 |a qbu |b qbu |c D3 |d 2015-01-22 |g 22500 |l 2 |o 530.076 L250Gi |p 6987.c5 |r 2016-12-28 |s 2016-12-14 |w 2015-01-22 |y STK0 | ||